گھو متی ندی (Record no. 2004)

MARC details
000 -LEADER
fixed length control field 00902 a2200229 4500
005 - DATE AND TIME OF LATEST TRANSACTION
control field 20081010110017.0
008 - FIXED-LENGTH DATA ELEMENTS--GENERAL INFORMATION
fixed length control field 081010t xxu||||| |||| 00| 0 eng d
010 ## - LCCN (DPL NO)
LC control number UR-7293
020 ## - INTERNATIONAL STANDARD BOOK NUMBER
International Standard Book Number 818711383
Terms of availability 550.00
035 ## - SYSTEM CONTROL NUMBER
System control number U-5848
037 ## - SOURCE OF ACQUISITION
Source of stock number/acquisition D.B.Act/pub
082 ## - DEWEY DECIMAL CLASSIFICATION NUMBER
Classification number 921
100 ## - MAIN ENTRY--PERSONAL NAME
Personal name کر ما نی وارث
245 ## - TITLE STATEMENT
Title گھو متی ندی
Statement of responsibility, etc سيد وارث کر مانی
246 ## - VARYING FORM OF TITLE
Title proper/short title Ghuamti Nadi
Remainder of title by Waris Kirmani
260 ## - PUBLICATION, DISTRIBUTION, ETC. (IMPRINT)
Place of publication, distribution, etc رامپور
Name of publisher, distributor, etc وقا ر الحسن صد يقی رضا لا يبر يری
Date of publication, distribution, etc 2006
270 ## - ADDRESS
Address رامپور رضا لايبريری ‍قلعہ رامپور
City رامپور
State or province يو پی
300 ## - PHYSICAL DESCRIPTION
Extent 434 ص
Other physical details پکچر
Dimensions 22cm
650 ## - SUBJECT ADDED ENTRY--TOPICAL TERM
Topical term or geographic name as entry element سوا نح عمر ی
942 ## - ADDED ENTRY ELEMENTS (KOHA)
Institution code [OBSOLETE] dpl
Item type Urdu Bks
Source of classification or shelving scheme Dewey Decimal Classification
Classification part 921
Call number suffix ک ر م
Holdings
Withdrawn status Lost status Source of classification or shelving scheme Damaged status Not for loan Collection code Home library Current library Date acquired Cost, normal purchase price Total Checkouts Full call number Barcode Date last seen Cost, replacement price Koha item type
    Dewey Decimal Classification   Not For Loan Non-fiction D.B.Act.Division D.B.Act.Division 03/11/2008 550.00   921 ک ر م U-5848 15/09/2008 550.00 Urdu Bks

© Delhi Public Library
Hit Counter
free hit counter